[Event "Olympiad Women-35"]
[Site "Bled"]
[Date "2002.11.07"]
[Round "12.3"]
[White "Donaldson Akhmilovskaya, Elena"]
[Black "Voiska, Margarita"]
[Result "1/2-1/2"]
[WhiteElo "2375"]
[BlackElo "2354"]
[PlyCount "126"]
[EventDate "2002.10.26"]
[EventType "team-swiss"]
[EventRounds "14"]
[EventCountry "SLO"]
[SourceTitle "EXT 2003"]
[Source "ChessBase"]
[SourceDate "2002.11.25"]
[SourceVersion "1"]
[SourceVersionDate "2002.11.25"]
[SourceQuality "1"]
[WhiteTeam "United States (W)"]
[BlackTeam "Bulgaria (W)"]
[WhiteTeamCountry "USA"]
[BlackTeamCountry "BUL"]

1. d4 g6 2. c4 Bg7 3. Nc3 d6 4. e4 c5 5. d5 e6 6. Bd3 Ne7 7. Nge2 0-0 8. h4 exd5 9. cxd5 Nd7 10. h5 Ne5 11. Bf4 a6 12. a4 Bd7 13. a5 Rb8 14. Bxe5 dxe5 15. hxg6 hxg6 16. Qd2 Nc8 17. Na4 Bxa4 18. Rxa4 Nd6 19. Nc3 Qf6 20. b4 c4 21. Be2 Rfc8 22. Ra2 Qf4 23. g3 Qxd2+ 24. Kxd2 f5 25. exf5 gxf5 26. Rb1 e4 27. b5 Bxc3+ 28. Kxc3 Nxb5+ 29. Kb4 Nd6 30. Kc3 Nb5+ 31. Kb4 b6 32. Rc1 bxa5+ 33. Kxa5 Nd6 34. Rac2 Rb5+ 35. Ka4 Rxd5 36. f4 Kg7 37. g4 Rcc5 38. g5 Ra5+ 39. Kb4 Rab5+ 40. Ka4 Ra5+ 41. Kb4 Rdb5+ 42. Kc3 Rb3+ 43. Kd4 Rbb5 44. Bxc4 Rb4 45. Ke3 Ra3+ 46. Ke2 Nxc4 47. Rxc4 Rxc4 48. Rxc4 Rf3 49. Rc7+ Kg6 50. Rc6+ Kg7 51. Rc7+ Kf8 52. Rc8+ Ke7 53. Rc7+ Kd6 54. Ra7 Rxf4 55. Rxa6+ Ke5 56. Ra5+ Ke6 57. Ra6+ Ke7 58. Rf6 Rf3 59. Ke1 f4 60. Ke2 Re3+ 61. Kf2 Rf3+ 62. Ke2 Kd7 63. g6 Rg3 1/2-1/2

[Event "Olympiad Women-35"]
[Site "Bled"]
[Date "2002.10.30"]
[Round "5.3"]
[White "Zhao, Xue"]
[Black "Donaldson Akhmilovskaya, Elena"]
[Result "1-0"]
[WhiteElo "2367"]
[BlackElo "2375"]
[PlyCount "97"]
[EventDate "2002.10.26"]
[EventType "team-swiss"]
[EventRounds "14"]
[EventCountry "SLO"]
[SourceTitle "EXT 2003"]
[Source "ChessBase"]
[SourceDate "2002.11.25"]
[SourceVersion "1"]
[SourceVersionDate "2002.11.25"]
[SourceQuality "1"]
[WhiteTeam "China (W)"]
[BlackTeam "United States (W)"]
[WhiteTeamCountry "CHN"]
[BlackTeamCountry "USA"]

1. d4 Nf6 2. c4 e6 3. g3 d5 4. Nf3 Be7 5. Bg2 c6 6. Qc2 0-0 7. 0-0 Ne4 8. b3 f5 9. Ba3 Bxa3 10. Nxa3 Nd7 11. Rac1 Qe7 12. Qb2 a5 13. Nc2 g5 14. Nce1 h5 15. Nd3 h4 16. gxh4 gxh4 17. Nfe5 Kh7 18. e3 Nxe5 19. dxe5 Rg8 20. Kh1 Bd7 21. Qe2 Be8 22. f3 Ng5 23. Rg1 Bg6 24. f4 Ne4 25. Bxe4 fxe4 26. Nf2 Raf8 27. Nh3 Rf5 28. Qg4 Bf7 29. Ng5+ Rgxg5 30. fxg5 Bg6 31. Rcf1 Qf7 32. Qxh4+ Kg8 33. Rxf5 Qxf5 34. Qg3 Bh5 35. Rc1 Kg7 36. Kg1 Kg6 37. cxd5 exd5 38. h4 Bf3 39. Kf2 Bh5+ 40. Ke1 Bf3 41. Kd2 Qf8 42. Qf4 Qb4+ 43. Kc2 d4 44. exd4 Qxd4 45. e6 Qd3+ 46. Kb2 Qd4+ 47. Rc3 Qf2+ 48. Ka3 b5 49. Qf7# 1-0

[Event "USA-CHN Summit 2nd"]
[Site "Shanghai"]
[Date "2002.07.14"]
[Round "3"]
[White "Wang, Pin"]
[Black "Donaldson Akhmilovskaya, Elena"]
[Result "1/2-1/2"]
[WhiteElo "2475"]
[BlackElo "2377"]
[PlyCount "78"]
[EventDate "2002.07.11"]
[EventType "team"]
[EventRounds "4"]
[EventCountry "CHN"]
[SourceTitle "CBM 091"]
[Source "ChessBase"]
[SourceDate "2002.11.12"]
[SourceVersion "1"]
[SourceVersionDate "2002.11.12"]
[SourceQuality "1"]

1. e4 e5 2. Nf3 Nc6 3. Bb5 a6 4. Ba4 d6 5. Bxc6+ bxc6 6. d4 exd4 7. Qxd4 c5 8. Qd3 Nf6 9. 0-0 Be7 10. Nc3 0-0 11. Re1 Bb7 12. Bg5 Nd7 13. Bxe7 Qxe7 14. Nd5 Bxd5 15. Qxd5 Nb6 16. Qd3 a5 17. c4 f6 18. Rac1 a4 19. Nh4 Qe5 20. Qd2 Qe6 21. Qc2 Rae8 22. f4 g6 23. f5 gxf5 24. Nxf5 Kh8 25. Ng3 Rg8 26. Rf1 Rg6 27. Rf5 Reg8 28. Kh1 Rg5 29. Rxg5 Rxg5 30. b3 axb3 31. axb3 Nd7 32. Rf1 Ne5 33. Qf2 Ng4 34. Qf3 Rg6 35. h3 Ne5 36. Qf2 Nd7 37. Qf3 Ne5 38. Qf2 Nd7 39. Qf3 Ne5 1/2-1/2

[Event "USA-ch"]
[Site "Seattle"]
[Date "2002.01.13"]
[Round "9"]
[White "Perelshteyn, Eugene"]
[Black "Donaldson Akhmilovskaya, Elena"]
[Result "1-0"]
[WhiteElo "2451"]
[BlackElo "2393"]
[PlyCount "41"]
[EventDate "2002.01.05"]
[EventType "swiss"]
[EventRounds "9"]
[EventCountry "USA"]
[SourceTitle "CBM 087"]
[Source "ChessBase"]
[SourceDate "2002.03.21"]
[SourceVersion "1"]
[SourceVersionDate "2002.03.21"]
[SourceQuality "1"]

1. e4 e5 2. Nf3 Nc6 3. Bb5 a6 4. Ba4 d6 5. c3 Bd7 6. 0-0 Nf6 7. Re1 g6 8. d4 Qe7 9. Nbd2 Bg7 10. Nf1 0-0 11. Ng3 b5 12. Bc2 Na5 13. b3 c5 14. h3 cxd4 15. cxd4 Nc6 16. Bb2 Rac8 17. Qd2 Rc7 18. d5 Nb8 19. Bxe5 Rfc8 20. Bb1 Nxe4 21. Bxe4 1-0

[Event "USA-ch"]
[Site "Seattle"]
[Date "2002.01.10"]
[Round "6"]
[White "Hahn, Anna"]
[Black "Donaldson Akhmilovskaya, Elena"]
[Result "0-1"]
[WhiteElo "2218"]
[BlackElo "2393"]
[PlyCount "84"]
[EventDate "2002.01.05"]
[EventType "swiss"]
[EventRounds "9"]
[EventCountry "USA"]
[SourceTitle "CBM 087"]
[Source "ChessBase"]
[SourceDate "2002.03.21"]
[SourceVersion "1"]
[SourceVersionDate "2002.03.21"]
[SourceQuality "1"]

1. d4 d5 2. c4 e6 3. Nc3 Nf6 4. Nf3 Be7 5. Qc2 b6 6. cxd5 exd5 7. Bg5 Bb7 8. e3 Nbd7 9. Bd3 c5 10. 0-0 0-0 11. h3 a6 12. Ne5 h6 13. Bf4 c4 14. Bf5 b5 15. a3 Nb6 16. Qe2 Bd6 17. Rad1 Qe7 18. Bb1 Nbd7 19. Nxd7 Qxd7 20. Be5 Qe6 21. f4 Rad8 22. g4 Ne4 23. Nxe4 dxe4 24. f5 Qe8 25. Bxd6 Rxd6 26. Rf4 Qe7 27. Qg2 Re8 28. Rdf1 a5 29. Qd2 Qd8 30. Rc1 Bd5 31. Qg2 Qe7 32. Qd2 Qd8 33. Qg2 b4 34. Kh2 Qe7 35. Rg1 bxa3 36. bxa3 Rb6 37. f6 Rxf6 38. g5 Rg6 39. h4 Qxa3 40. Rf5 Qd6+ 41. Kh1 Qd7 42. Rf2 f6 0-1

[Event "USA-ch"]
[Site "Seattle"]
[Date "2002.01.08"]
[Round "4"]
[White "Levina, Anna V"]
[Black "Donaldson Akhmilovskaya, Elena"]
[Result "0-1"]
[WhiteElo "2103"]
[BlackElo "2393"]
[PlyCount "74"]
[EventDate "2002.01.05"]
[EventType "swiss"]
[EventRounds "9"]
[EventCountry "USA"]
[SourceTitle "CBM 087"]
[Source "ChessBase"]
[SourceDate "2002.03.21"]
[SourceVersion "1"]
[SourceVersionDate "2002.03.21"]
[SourceQuality "1"]

1. e4 e5 2. Nf3 Nc6 3. Bb5 a6 4. Ba4 d6 5. d4 b5 6. Bb3 Nxd4 7. Nxd4 exd4 8. Bd5 Rb8 9. Bc6+ Bd7 10. Bxd7+ Qxd7 11. Qxd4 Nf6 12. 0-0 Be7 13. Nc3 0-0 14. Bg5 b4 15. Nd5 Nxd5 16. Qxd5 Rb5 17. Qd3 Bxg5 18. f4 Be7 19. e5 Qc6 20. Rfe1 dxe5 21. fxe5 Rd5 22. Qe4 Qc5+ 23. Kh1 Rd4 24. Qe2 Qd5 25. Rad1 Bc5 26. c3 bxc3 27. bxc3 Rxd1 28. Rxd1 Qe6 29. h3 f6 30. Re1 fxe5 31. Qh5 Bd6 32. Kg1 e4 33. Qg5 h6 34. Qh5 Rf5 35. Qg4 Qe5 36. g3 h5 37. Qh4 g5 0-1

[Event "Olympiad Women-33"]
[Site "Elista"]
[Date "1998.10.11"]
[Round "12"]
[White "Arribas Robaina, Maritza"]
[Black "Donaldson Akhmilovskaya, Elena"]
[Result "1/2-1/2"]
[WhiteElo "2270"]
[BlackElo "2410"]
[PlyCount "69"]
[EventDate "1998.09.29"]
[EventType "team-swiss"]
[EventRounds "13"]
[EventCountry "RUS"]
[SourceTitle "CBM 066 Extra"]
[Source "ChessBase"]
[SourceDate "1998.11.06"]
[SourceVersion "1"]
[SourceVersionDate "1998.11.06"]
[SourceQuality "1"]

1. e4 e5 2. Nf3 Nc6 3. Bb5 a6 4. Ba4 Nf6 5. d3 d6 6. c3 Be7 7. Bg5 h6 8. Bh4 Nh7 9. Bxe7 Qxe7 10. Nbd2 0-0 11. h3 Nd8 12. Bb3 Ne6 13. Nc4 Nf4 14. Ne3 c6 15. Qd2 a5 16. 0-0-0 a4 17. Bc2 Be6 18. Kb1 d5 19. exd5 cxd5 20. Nxe5 d4 21. cxd4 Nf6 22. d5 N4xd5 23. Nxd5 Nxd5 24. a3 b5 25. d4 Qd6 26. Qd3 f5 27. Ka1 Rfc8 28. Bb1 Nc3 29. d5 Bxd5 30. Qxf5 Nxb1 31. Kxb1 Rf8 32. Nf7 Rxf7 33. Qxd5 Qxd5 34. Rxd5 Rxf2 35. g4 1/2-1/2

[Event "Olympiad Women-33"]
[Site "Elista"]
[Date "1998.10.10"]
[Round "11"]
[White "Donaldson Akhmilovskaya, Elena"]
[Black "Hitzgerova, Gabriela"]
[Result "1/2-1/2"]
[WhiteElo "2410"]
[BlackElo "2210"]
[PlyCount "123"]
[EventDate "1998.09.29"]
[EventType "team-swiss"]
[EventRounds "13"]
[EventCountry "RUS"]
[SourceTitle "CBM 066 Extra"]
[Source "ChessBase"]
[SourceDate "1998.11.06"]
[SourceVersion "1"]
[SourceVersionDate "1998.11.06"]
[SourceQuality "1"]

1. d4 Nf6 2. Nf3 g6 3. c4 Bg7 4. g3 0-0 5. Bg2 d6 6. 0-0 Nbd7 7. Nc3 e5 8. e4 a6 9. Re1 exd4 10. Nxd4 Ne5 11. b3 c5 12. Nc2 Rb8 13. h3 b5 14. cxb5 axb5 15. f4 Ned7 16. Qxd6 Nh5 17. Qd3 b4 18. Nd5 Bxa1 19. Nxa1 Nhf6 20. Nc2 Nxd5 21. exd5 Ra8 22. a4 Ba6 23. Qd2 Re8 24. Ne3 Rc8 25. Bb2 Qb6 26. Kh2 Qd6 27. Bf1 Bxf1 28. Rxf1 Rxe3 29. Qxe3 Qxd5 30. Rf2 c4 31. bxc4 Qxc4 32. Rd2 Qe6 33. Qd4 f6 34. Qxb4 Rc4 35. Qb7 Nf8 36. Qb3 Kg7 37. a5 Rd4 38. Qb7+ Rd7 39. Rxd7+ Nxd7 40. Qb5 Nc5 41. Bxf6+ Kxf6 42. Qxc5 Qe2+ 43. Kg1 Qe1+ 44. Kg2 Qd2+ 45. Kf3 Qd3+ 46. Kg4 Kg7 47. Qe5+ Kg8 48. f5 gxf5+ 49. Qxf5 Qe2+ 50. Kh4 Qa6 51. Kg5 Kg7 52. h4 Qd6 53. Kh5 Qh6+ 54. Kg4 Qa6 55. h5 Qc4+ 56. Kh3 Qc1 57. Qg4+ Kh8 58. Qf3 Qc8+ 59. g4 Kg7 60. h6+ Kg8 61. Qf6 Qxg4+ 62. Kxg4 1/2-1/2

[Event "Olympiad Women-33"]
[Site "Elista"]
[Date "1998.10.01"]
[Round "3"]
[White "Sorokina, Anastasia"]
[Black "Donaldson Akhmilovskaya, Elena"]
[Result "1/2-1/2"]
[WhiteElo "2120"]
[BlackElo "2410"]
[PlyCount "35"]
[EventDate "1998.09.29"]
[EventType "team-swiss"]
[EventRounds "13"]
[EventCountry "RUS"]
[SourceTitle "CBM 066 Extra"]
[Source "ChessBase"]
[SourceDate "1998.11.06"]
[SourceVersion "1"]
[SourceVersionDate "1998.11.06"]
[SourceQuality "1"]

1. e4 e5 2. f4 d5 3. exd5 exf4 4. Nf3 Bd6 5. d4 Ne7 6. c4 Ng6 7. c5 Be7 8. Bc4 Nd7 9. 0-0 b6 10. d6 cxd6 11. cxd6 Bxd6 12. Re1+ Be7 13. Ng5 0-0 14. Bxf7+ Rxf7 15. Ne6 Qe8 16. Nc7 Qd8 17. Ne6 Qe8 18. Kf1 1/2-1/2

[Event "Keres Memorial 19th"]
[Site "Vancouver"]
[Date "1994.05.22"]
[Round "4"]
[White "Donaldson Akhmilovskaya, Elena"]
[Black "Basanta, Gary"]
[Result "0-1"]
[WhiteElo "2410"]
[BlackElo "2380"]
[PlyCount "94"]
[EventDate "1994.05.20"]
[EventType "swiss"]
[EventRounds "7"]
[EventCountry "CAN"]
[SourceTitle "EXT 2022"]
[Source "ChessBase"]
[SourceDate "2021.10.06"]
[SourceVersion "1"]
[SourceVersionDate "2021.10.06"]
[SourceQuality "1"]

1. d4 Nf6 2. Nf3 c5 3. d5 g6 4. g3 Bg7 5. Nc3 d6 6. Bg2 Qa5 7. 0-0 b5 8. Re1 Ng4 9. e4 0-0 10. h3 Ne5 11. Nd2 b4 12. Ncb1 c4 13. f4 Qc5+ 14. Kh2 Ned7 15. a3 Na6 16. axb4 Nxb4 17. Nc3 a5 18. Nf3 Qc7 19. Re2 Rb8 20. Nd4 Nc5 21. Ndb5 Qb6 22. Na3 Ba6 23. Be3 Qc7 24. Bd4 Bxd4 25. Qxd4 Nbd3 26. cxd3 cxd3 27. Ree1 Nb3 28. Qe3 Nxa1 29. Rxa1 Rxb2 30. Nab1 Rc2 31. Nd1 Re2 32. Qd4 Qc2 33. Ne3 Qc1 34. Ng4 h5 35. Nf2 Rb8 36. Nc3 Qxa1 37. Nxe2 Qxd4 38. Nxd4 Rb1 39. e5 a4 40. f5 a3 41. f6 exf6 42. exd6 Rb7 43. d7 Rxd7 44. Ne4 Kg7 45. Nc5 d2 46. Bf3 Rxd5 47. Ncb3 a2 0-1

[Event "USA-ch (Women)"]
[Site "USA"]
[Date "1994.??.??"]
[Round "3"]
[White "Donaldson Akhmilovskaya, Elena"]
[Black "Root, Alexey"]
[Result "1-0"]
[WhiteElo "2410"]
[BlackElo "2040"]
[PlyCount "73"]
[EventDate "1994.??.??"]
[EventType "tourn"]
[EventRounds "9"]
[EventCountry "USA"]
[SourceTitle "EXT 1998"]
[Source "ChessBase"]
[SourceDate "1997.11.17"]
[SourceVersion "1"]
[SourceVersionDate "1997.11.17"]
[SourceQuality "1"]

1. d4 g6 2. Nf3 d6 3. c4 Bg7 4. Nc3 Nc6 5. d5 Na5 6. e4 c5 7. Bd2 Bd7 8. Rb1 Nf6 9. h3 0-0 10. a3 Rc8 11. Bd3 a6 12. 0-0 b5 13. b3 bxc4 14. bxc4 Qc7 15. Qc2 Rb8 16. Ne2 e5 17. Qc3 Nb7 18. Rb2 Nxe4 19. Bxe4 f5 20. Rfb1 fxe4 21. Ng5 Bf5 22. Qe3 Bh6 23. h4 Bc8 24. Qg3 Bf5 25. Ne6 Bxe6 26. Bxh6 Bf5 27. Bxf8 Kxf8 28. Qe3 Bc8 29. Ng3 Ra8 30. Qxe4 a5 31. f4 exf4 32. Qxf4+ Kg7 33. Rf1 Bd7 34. Nh5+ gxh5 35. Qg5+ Kh8 36. Rf7 Rg8 37. Qf6+ 1-0

[Event "USA-ch (Women)"]
[Site "USA"]
[Date "1994.??.??"]
[Round "4"]
[White "Levitina, Irina S"]
[Black "Donaldson Akhmilovskaya, Elena"]
[Result "1/2-1/2"]
[WhiteElo "2425"]
[BlackElo "2410"]
[PlyCount "21"]
[EventDate "1994.??.??"]
[EventType "tourn"]
[EventRounds "9"]
[EventCountry "USA"]
[SourceTitle "EXT 1998"]
[Source "ChessBase"]
[SourceDate "1997.11.17"]
[SourceVersion "1"]
[SourceVersionDate "1997.11.17"]
[SourceQuality "1"]

1. d4 d5 2. c4 e6 3. Nc3 Nf6 4. Nf3 Be7 5. Bg5 h6 6. Bxf6 Bxf6 7. e3 0-0 8. Bd3 b6 9. 0-0 Bb7 10. cxd5 exd5 11. b4 1/2-1/2

[Event "USA-ch (Women)"]
[Site "Long Beach"]
[Date "1993.??.??"]
[Round "?"]
[White "Donaldson Akhmilovskaya, Elena"]
[Black "Hahn, Anna"]
[Result "1-0"]
[WhiteElo "2405"]
[BlackElo "2230"]
[PlyCount "69"]
[EventDate "1993.??.??"]
[EventType "tourn"]
[EventRounds "9"]
[EventCountry "USA"]
[SourceTitle "EXT 1998"]
[Source "ChessBase"]
[SourceDate "1997.11.17"]
[SourceVersion "1"]
[SourceVersionDate "1997.11.17"]
[SourceQuality "1"]

1. d4 Nf6 2. c4 e5 3. dxe5 Ng4 4. Nf3 Bc5 5. e3 Nc6 6. Be2 Ngxe5 7. Nc3 a5 8. b3 0-0 9. Bb2 Nxf3+ 10. Bxf3 Ne5 11. Be2 Re8 12. Na4 Bb4+ 13. Kf1 b5 14. cxb5 Bb7 15. h4 Qe7 16. Qd4 f6 17. h5 h6 18. Rc1 c6 19. Rh4 Rac8 20. Nb6 Rcd8 21. Qd1 d5 22. bxc6 Bxc6 23. Bxe5 fxe5 24. Rxb4 Qxb4 25. Rxc6 Qh4 26. Kg1 Rf8 27. g3 Qb4 28. Nxd5 Qa3 29. Rc2 a4 30. Bc4 Kh8 31. Qg4 axb3 32. Bxb3 Qa5 33. Qe4 Qe1+ 34. Kg2 Rc8 35. Ne7 1-0

[Event "USA-ch (Women)"]
[Site "Long Beach"]
[Date "1993.??.??"]
[Round "?"]
[White "Donaldson Akhmilovskaya, Elena"]
[Black "Levitina, Irina S"]
[Result "1/2-1/2"]
[WhiteElo "2405"]
[BlackElo "2415"]
[PlyCount "35"]
[EventDate "1993.??.??"]
[EventType "tourn"]
[EventRounds "9"]
[EventCountry "USA"]
[SourceTitle "EXT 1998"]
[Source "ChessBase"]
[SourceDate "1997.11.17"]
[SourceVersion "1"]
[SourceVersionDate "1997.11.17"]
[SourceQuality "1"]

1. d4 Nf6 2. c4 g6 3. Nc3 Bg7 4. e4 d6 5. Nf3 0-0 6. Be2 e5 7. dxe5 dxe5 8. Qxd8 Rxd8 9. Bg5 c6 10. Nxe5 Re8 11. 0-0-0 Na6 12. Nf3 Bg4 13. h3 Nxe4 14. Nxe4 Rxe4 15. Be3 Bxf3 16. gxf3 Re7 17. Kc2 Nc7 18. Rd2 1/2-1/2

[Event "Olympiad Women-30"]
[Site "Manila"]
[Date "1992.06.21"]
[Round "12"]
[White "Madl, Ildiko"]
[Black "Donaldson Akhmilovskaya, Elena"]
[Result "1/2-1/2"]
[WhiteElo "2375"]
[BlackElo "2405"]
[PlyCount "58"]
[EventDate "1992.06.07"]
[EventType "team-swiss"]
[EventRounds "14"]
[EventCountry "PHI"]
[SourceTitle "EXT 2019"]
[Source "ChessBase"]
[SourceDate "2018.10.10"]
[SourceVersion "1"]
[SourceVersionDate "2018.10.10"]
[SourceQuality "1"]
[WhiteTeam "Hungary (W)"]
[BlackTeam "United States (W)"]
[WhiteTeamCountry "HUN"]
[BlackTeamCountry "USA"]

1. e4 e5 2. Nf3 Nc6 3. d4 exd4 4. Nxd4 Nf6 5. Nxc6 bxc6 6. e5 Qe7 7. Qe2 Nd5 8. c4 Nb6 9. Nd2 d6 10. exd6 cxd6 11. b3 Bg4 12. f3 Be6 13. Bb2 d5 14. cxd5 Nxd5 15. Rc1 Rd8 16. a3 Nf4 17. Qe4 Bd5 18. Qxe7+ Bxe7 19. b4 0-0 20. Kf2 Bg5 21. Rc2 Rfe8 22. Ba6 Re6 23. Ra1 Rde8 24. Ne4 Bd8 25. Nc5 Rh6 26. Kg1 Rg6 27. Kf1 Rh6 28. Kg1 Rg6 29. Kf1 Rh6 1/2-1/2

[Event "Olympiad Women-30"]
[Site "Manila"]
[Date "1992.06.16"]
[Round "8"]
[White "Donaldson Akhmilovskaya, Elena"]
[Black "Peng, Zhaoqin"]
[Result "0-1"]
[WhiteElo "2405"]
[BlackElo "2370"]
[PlyCount "74"]
[EventDate "1992.06.07"]
[EventType "team-swiss"]
[EventRounds "14"]
[EventCountry "PHI"]
[SourceTitle "EXT 2019"]
[Source "ChessBase"]
[SourceDate "2018.10.10"]
[SourceVersion "1"]
[SourceVersionDate "2018.10.10"]
[SourceQuality "1"]
[WhiteTeam "United States (W)"]
[BlackTeam "China (W)"]
[WhiteTeamCountry "USA"]
[BlackTeamCountry "CHN"]

1. d4 Nf6 2. c4 g6 3. Nc3 Bg7 4. e4 d6 5. Nf3 0-0 6. Be2 e5 7. 0-0 Nc6 8. d5 Ne7 9. Bg5 h6 10. Bxf6 Bxf6 11. b4 Kg7 12. c5 Ng8 13. Nd2 Be7 14. cxd6 cxd6 15. Rc1 Bd7 16. a4 Bg5 17. Rc2 Qb6 18. Qb1 Bxd2 19. Rxd2 Rfc8 20. a5 Qd8 21. Nd1 Qg5 22. Ne3 Nf6 23. g3 Bh3 24. f4 exf4 25. Rxf4 Rc3 26. Rd3 Rac8 27. Qe1 Qe5 28. Rxc3 Rxc3 29. Bf1 Bxf1 30. Nxf1 Nxd5 31. Qd2 Nxb4 32. Qf2 Rc7 33. Qxa7 Nd3 34. Rf3 Nc5 35. Re3 Ne6 36. Qb6 Rc2 37. Qxb7 Qf6 0-1